000 00693pam a2200241 i 4500
001 3193583
003 GBCCL
005 20241126110401.0
008 771031s1977 nju 001 0 eng
010 _a 77016686
020 _a0800708776 :
_c$7.95
040 _aDLC
_cDLC
_dDLC
050 0 0 _aPN6081
_b.W49
082 0 0 _a080
_bWIN
245 0 0 _aWings of joy /
_ccompiled and edited by Joan Winmill Brown.
260 _aOld Tappan, N.J. :
_bF. H. Revell Co.,
_cc1977.
300 _a191 p. ;
_c26 cm.
500 _aIncludes indexes.
650 0 _aQuotations, English.
_91163
700 1 _aBrown, Joan Winmill.
_92891
906 _a7
_bcbc
_corignew
_d1
_eocip
_f19
_gy-gencatlg
942 _2ddc
_cBK
999 _c1454
_d1454